000 01028nam a22002777a 4500
999 _c114893
_d114893
003 dpl
005 20181116163649.0
008 181116b ||||| |||| 00| 0 eng d
010 _aB-067083
020 _c150.00
_a8188081043
035 _aB-067083, बी067087
037 _bCen Lib/Ret
040 _aDPL
_bHN
_c0
082 _a
_bदुबेस
100 _aदुबे, सतीश
_9143163
245 _aकुरराटी /
_cसतीश दुबे
246 _aKurrati
_b by DSatish Dubey
260 _a दिल्ली
_bदिशा प्रकाशन
_c2002
270 _a138/16, त्रिनगर
_b दिल्ली
_e110035
300 _a176पृष्ठ.
_c20(सजिल्द)
650 _aहिंदी साहित्य
_9143164
650 _aहिंदी उपन्यास -भील जनजाति
_958860
650 _ahindi literature
_9143165
650 _aHindi novel -Bheel tribe
_958862
942 _2ddc
_cHN
_h
_mदुबेस